000 00308nam a22001217a 4500
008 160423b xxu||||| |||| 00| 0 eng d
020 _a9781451130607
020 _a1451130600
041 _aeng
080 _a618.2
245 _aMedical surgical nursing:
_cJanice L. Hinkle; Kerry H. Cheever;
942 _2udc
_cBK
999 _c1539
_d1539